Dispersal in fungi. (Record no. 21399)

MARC details
000 -LEADER
fixed length control field 00288nam a2200121Ia 4500
082 ## - DEWEY DECIMAL CLASSIFICATION NUMBER
Classification number 582.28
Item number ING
100 ## - MAIN ENTRY--AUTHOR NAME
Personal name INGOLD, C T
245 #0 - TITLE STATEMENT
Title Dispersal in fungi.
260 ## - PUBLICATION, DISTRIBUTION, ETC. (IMPRINT)
Place of publication London
Name of publisher Oxford Unversity
Year of publication 1953
650 ## - SUBJECT ADDED ENTRY--TOPICAL TERM
Topical Term Fungi
942 ## - ADDED ENTRY ELEMENTS (KOHA)
Koha item type Books
Holdings
Withdrawn status Lost status Damaged status Not for loan Home library Current library Date acquired Full call number Accession Number Koha item type
        RRII Library RRII Library 16/12/2021 582.28 ING 02115 Books